[Event "Dvorkovich Memorial Rapid 2018"]
[Site "Taganrog"]
[Date "2018.01.14"]
[Round "2.14"]
[White "Maltsevskaya, Aleksandra"]
[Black "Kabanov, Nikolai"]
[Result "0-1"]
[WhiteElo "2274"]
[BlackElo "2478"]
[Annotator "TA"]
[PlyCount "92"]
[EventDate "2018.??.??"]
[EventType "swiss"]
[EventCountry "RUS"]
[SourceTitle "playchess.com"]
[Source "ChessBase"]
[SourceQuality "1"]

{[%evp 15,92,0,0,0,0,0,0,0,42,-6,-6,-10,0,-18,17,8,17,23,26,22,30,-2,13,0,0,-8,-10,-12,-11,-12,-4,-10,-15,-9,-12,-18,-17,-41,-43,-117,-116,-172,-174,-252,-247,-245,-183,-296,-252,-315,-333,-322,-324,-348,-283,-255,-221,-303,-244,-276,-271,-262,-256,-415,-371,-396,-389,-402,-387,-364,-381,-424,-411,-399,-338,-430,-418,-429,-422]} 1. e4 c5 2. Nf3 e6 3. d4 cxd4 4. Nxd4 Nc6 5. Nc3 Nf6 6. Ndb5 Bc5 7. Bf4 O-O {B45: Sicilian Four Knights} 8. Bd6 (8. Bc7 Qe7 9. Bd6 Bxd6 10. Qxd6 Qd8 11. O-O-O a6 12. Nd4 Qb6 13. e5 Ng4 14. Nxc6 bxc6 15. Bd3 {½-½ (66) Jakovenko,D (2730)-Pridorozhni,A (2571) Khanty-Mansiysk 2017}) 8... Bxd6 {LiveBook: 9 Games} 9. Qxd6 a6 {The position is equal.} 10. Nd4 $1 Qb6 11. Nb3 a5 {next ...a4 is good for Black.} (11... Rd8 {is more complex.} 12. Be2 a5 13. a4 Ne8 14. Qd2 d6) 12. Bd3 $146 (12. a4 {with more complications.} Rd8 13. Bb5 Ne8 14. Qg3 d5 15. O-O-O) ({Predecessor:} 12. Qc5 Qc7 13. Rd1 a4 14. Nd4 a3 15. b4 {0-1 (29) Kanazirev,P (2102)-Karakehajov,K (2508) Sunny Beach 2012}) 12... Qb4 13. Qxb4 axb4 14. Nb5 d5 15. Nc7 Ra7 16. exd5 Nxd5 17. Nxd5 exd5 18. O-O Re8 19. Rfd1 (19. a3 {keeps more tension.} bxa3 20. Rxa3 Rxa3 21. bxa3 Ne5 22. Nd4) 19... Be6 20. a3 bxa3 21. Rxa3 Rxa3 22. bxa3 Ra8 23. Ra1 Kf8 24. f4 Ke7 25. Nc5 Bc8 26. Rb1 Ra7 27. Bb5 (27. c4 $15) 27... Kd6 $17 28. Na4 (28. Nd3 $17) 28... Bf5 $19 29. Rb2 (29. Nb6 $142) 29... Nd4 30. Nb6 Rxa3 31. Be8 (31. c4 {was the only chance.}) 31... Be6 ({But not} 31... Bxc2 32. Bxf7 Rb3 33. Rxb3 $19) 32. Ba4 Ne2+ 33. Kf2 Nxf4 34. Bb3 Kc6 35. Ba4+ Kc5 36. Be8 d4 37. Na4+ Kd6 38. Rxb7 Bd5 39. Rb6+ $2 {[#]} (39. Rd7+ Ke5 40. Nb6) 39... Ke7 40. Bb5 Bxg2 41. Ra6 Rf3+ 42. Ke1 Rh3 43. Nc5 Bd5 44. Ra4 Kd6 45. Na6 Ne6 46. Nb4 Be4 {Precision: White = 41%, Black = 81%.} 0-1

[Event "Dvorkovich Memorial Rapid 2018"]
[Site "Taganrog"]
[Date "2018.01.14"]
[Round "2.15"]
[White "Golubov, Saveliy"]
[Black "Shaydullina, Sandugach"]
[Result "1-0"]
[WhiteElo "2484"]
[BlackElo "2211"]
[Annotator "TA"]
[PlyCount "144"]
[EventDate "2018.??.??"]
[EventType "swiss"]
[EventCountry "RUS"]
[SourceTitle "playchess.com"]
[Source "ChessBase"]
[SourceQuality "1"]

{[%evp 9,144,-52,-37,-104,-37,-35,-29,-55,-53,-51,-52,-51,-33,-45,-21,-25,-4,-54,-15,-46,-20,-16,0,0,2,-12,-14,-27,17,20,72,75,60,53,59,66,82,81,120,120,127,106,237,133,108,-1,-1,-2,-2,0,0,0,0,0,0,0,0,-2,20,12,18,0,64,54,62,62,132,133,144,24,66,68,331,89,50,0,0,-62,0,-60,216,228,227,240,225,224,249,237,242,8,284,12,591,578,554,525,1274,1215,1934,1225,1153,1032,891,852,1053,966,29975,29976,29975,29976,29976,29977,29976,29978,29973,29966,29980,29982,29982,29982,29982,29983,29983,29982,29982,29977,29983,29984,29984,29985,29989,29989,29989,29990,29991,29991,29992]} 1. e4 c5 2. Nf3 Nc6 3. c3 d5 4. e5 Bf5 5. Na3 e6 6. d3 $146 {[#] B22: Sicilian: 2 c3} (6. Nc2 $15) ({Predecessor:} 6. Nc2 Qb6 7. Be2 Bg4 8. d4 cxd4 9. Nfxd4 Bxe2 10. Qxe2 Bc5 {½-½ (10) Ilcic,R (2179)-Bodic,D (2338) Golubac 2003}) 6... Nge7 (6... Bg4 $1 $17) 7. h3 h6 8. Bf4 {Black has an edge.} a6 9. Be2 g5 10. Bh2 Qb6 11. Qd2 Bg6 12. O-O Bg7 13. Rfe1 O-O 14. Bf1 Rae8 15. Nc2 d4 16. Na3 dxc3 17. bxc3 Na5 18. Nc2 Rd8 19. Ne3 Nd5 (19... Bh5 $11) 20. h4 $16 Nxe3 21. Qxe3 g4 22. Nd2 h5 23. Ne4 Rd5 24. Rab1 Qd8 25. Nxc5 Qxh4 (25... Qc7 $16 26. Ne4 Bxe4) 26. Nxb7 (26. c4 $18 Rdd8 27. Nxb7 Nxb7 28. Rxb7) 26... Nc6 {Black wants to play ...Bxe5.} 27. c4 (27. d4 $16) 27... Rxe5 $1 $11 28. Bxe5 Bxe5 {[%csl Ge5][%cal Rh4h2]} ({Reject} 28... Nxe5 $6 29. Rec1 $16) 29. g3 Qf6 $1 30. Bg2 Bd4 31. Qf4 Qxf4 32. gxf4 g3 33. Re3 gxf2+ 34. Kxf2 Ne7 {Threatens to win with ...Nf5.} 35. Be4 f5 (35... Rb8 $11) 36. Bf3 $14 e5 37. Ke2 Bxe3 (37... e4 $1 $14) 38. Kxe3 $16 e4 39. Be2 (39. dxe4 $16 {e5 is the strong threat.} fxe4 40. Bxe4) 39... Rb8 40. d4 Nc6 $2 {[%mdl 8192]} (40... h4 $14) 41. c5 $2 (41. d5 $18 {and the rest is easy.} Nd8 42. Rg1) 41... Bf7 42. Bxa6 Ne7 {Threatening ...Ra8.} 43. Kd2 ({White should try} 43. a4 $11) 43... Bxa2 (43... h4 $15) 44. Rb6 (44. Rg1+ $11 Kh7 45. Rg5) 44... Nd5 $2 {[%mdl 8192]} (44... Ra8 $15 {keeps the upper hand.} 45. Nd6 h4) 45. Rb2 $18 e3+ {[#]} 46. Ke1 $1 Nc3 47. Rc2 Ra8 48. Rxc3 Rxa6 {[%mdl 4096] Endgame KRB-KRN} 49. c6 $2 ({White has to play} 49. Rxe3 $18 {Strongly threatening Nd6.} Re6 50. Rxe6 Bxe6 51. c6) 49... Be6 $2 {[%mdl 8192]} (49... Bd5 $11 {and Black is okay.}) 50. Rxe3 $2 ({White should play} 50. Nd8 $18 Ra1+ 51. Ke2) 50... Rxc6 $2 {[%mdl 8192]} (50... Bd5 $1 $11) 51. Nd8 $1 {[%csl LRc6,LRe6]} Rc1+ 52. Kd2 Rh1 53. Nxe6 {KRN-KR} h4 54. Ng5 Rf1 55. Rf3 Ra1 56. Rh3 Ra2+ 57. Kd3 Ra3+ 58. Kc4 {White mates.} Ra4+ 59. Kd5 Kg7 60. Ke5 Kg6 61. Rxh4 Ra1 62. Nf3 Rf1 63. Rh3 Ra1 64. Rg3+ Kf7 65. Kxf5 Ke7 66. Ke5 Ra3 67. Ke4 Rb3 68. Rg6 Rb4 69. f5 {[%cal Bf4f5,Bf5f6][%mdl 32]} Ra4 70. Ne5 Ra1 71. f6+ Kf8 72. Rh6 {[%cal Rh6h8]} Re1+ {Precision: White = 47%, Black = 27%.} 1-0

[Event "Dvorkovich Memorial Rapid 2018"]
[Site "Taganrog"]
[Date "2018.01.14"]
[Round "2.16"]
[White "Tomilova, Elena"]
[Black "Goganov, Aleksey"]
[Result "0-1"]
[WhiteElo "2331"]
[BlackElo "2563"]
[Annotator "TA"]
[PlyCount "58"]
[EventDate "2018.??.??"]
[EventType "swiss"]
[EventCountry "RUS"]
[SourceTitle "playchess.com"]
[Source "ChessBase"]
[SourceQuality "1"]

{[%evp 18,58,-58,-67,-56,-73,-51,-58,-39,-137,-129,-191,-190,-183,-214,-239,-213,-205,-204,-165,-107,-114,-103,-102,-93,-275,-110,-502,-514,-767,-754,-840,-816,-826,-818,-889,-881,-1238,-784,-2527,-2072,-2589,-2482]} 1. c4 c6 2. Nf3 d5 3. e3 Nf6 4. Nc3 e6 5. Qc2 Bd6 6. b3 O-O 7. Bb2 Nbd7 {[%cal Bb8d7,Bd7c5,Bc5d3][%mdl 32]} 8. Be2 Re8 9. Rg1 {A11: English Opening: 1...c6} (9. O-O e5 10. cxd5 Nxd5 11. Ne4 Bc7 12. Ng3 Nf8 13. a3 a5 14. d4 Ng6 15. Bd3 exd4 16. Nxd4 Bg4 17. Bf5 Nf6 18. f3 Bh5 {½-½ (34) Grischuk,A (2773)-Kramnik,V (2784) Wijk aan Zee 2011}) 9... e5 10. g4 {LiveBook: 4 Games} e4 11. Nd4 {Black is slightly better.} dxc4 $146 (11... Bxh2 $6 12. Rg2 $16) ({Predecessor:} 11... c5 12. Nf5 Bxh2 13. Rg2 d4 14. Nxe4 Rxe4 15. Rxh2 Ne5 16. f4 d3 {1-0 (67) Pirverdiyev,A (2340)-Gasimov,P (2401) Baku 2016}) 12. bxc4 {Strongly threatening g5.} Nc5 (12... Bxh2 $6 13. Rh1 $16) 13. g5 (13. O-O-O $1 $15) 13... Nfd7 $17 14. f4 (14. f3 $17) 14... Bxf4 $19 15. O-O-O Be5 (15... Bxg5 16. Nf5 $17) 16. Nf5 Nb6 ({Weaker is} 16... Bxh2 17. Nxg7 $1 {[%mdl 512]} Nd3+ 18. Bxd3 $15) 17. Rdf1 Nd3+ (17... Bxh2 18. Nxg7 $1 {[%mdl 512]} Bxg1 19. Nxe8 $16) 18. Bxd3 exd3 (18... Qxd3 $19 19. Qxd3 exd3) 19. Qb3 $17 Be6 ({Not} 19... Bxh2 $2 20. Nh6+ $1 {[%mdl 512]} gxh6 21. gxh6+ Kf8 22. Rg7 $16) 20. Nh6+ gxh6 21. gxh6+ $2 (21. Ne4 $17 Bxc4 {[#]} 22. Bxe5 $1 {[%mdl 512]} Rxe5 23. Qb2) 21... Kf8 (21... Kh8 $19 {is more deadly.} 22. Ne4 Nxc4 23. Bxe5+ Nxe5) 22. Rg7 $2 {[%mdl 8192]} (22. Ba3+ $17 {was the crucial defense.} Re7 23. Ne4 Bxc4 24. Qb4) 22... Bxg7 $19 {Black is clearly winning.} 23. hxg7+ Kg8 24. Rf4 Nxc4 25. Ne4 {[#]} Nxd2 $1 26. Nf6+ {[#]} (26. Kxd2 Bxb3) 26... Qxf6 $1 27. Qxd3 (27. Bxf6 Nxb3+) 27... Qg6 28. Qxd2 Qg1+ 29. Kc2 Rad8 {Precision: White = 46%, Black = 60%.} 0-1

[Event "Dvorkovich Memorial Rapid 2018"]
[Site "Taganrog"]
[Date "2018.01.14"]
[Round "2.17"]
[White "Hasangatin, Ramil"]
[Black "Kamenets, Anatolij"]
[Result "1-0"]
[WhiteElo "2502"]
[BlackElo "2294"]
[Annotator "TA"]
[PlyCount "85"]
[EventDate "2018.??.??"]
[EventType "swiss"]
[EventCountry "RUS"]
[SourceTitle "playchess.com"]
[Source "ChessBase"]
[SourceQuality "1"]

{[%evp 10,85,25,12,14,4,14,16,44,-3,2,-14,-4,-17,13,8,5,-10,35,37,60,56,59,47,102,62,61,28,37,20,63,66,85,0,64,53,222,14,75,67,69,42,54,3,75,50,118,76,203,188,193,186,466,437,736,681,636,614,768,768,760,753,1092,1082,29983,768,29987,29988,29988,29985,29984,29985,29992,29993,29993,29988,29988,29989]} 1. d4 f5 2. Nc3 Nf6 3. Bg5 d5 4. Bxf6 exf6 5. e3 Be6 6. Bd3 Qd7 {A80: Dutch Defence: Unusual White second moves} 7. Nge2 Nc6 (7... h5 8. a3 g6 9. O-O Bh6 10. b3 Nc6 11. Na4 b6 12. c4 Ne7 13. Nac3 O-O 14. Qc2 {1-0 (38) Gupta,A (2645)-Sandipan,C (2573) Moscow 2017}) 8. a3 Ne7 {The position is equal.} 9. Nf4 Bf7 10. h4 h5 11. g3 $146 ({Find the theoretical novelty and annotate with similar games:} 11. b4 Nc8 12. Bb5 c6 13. Be2 g6 14. Na4 {½-½ (59) Beeke,B (2282)-Riemersma,L (2452) Amsterdam 2017}) 11... c6 12. Na4 b6 13. b3 Nc8 14. c4 $36 {[%cal Bc2c4,Bc4c5][%mdl 2080] White is more active.} Bd6 15. c5 Bc7 16. b4 b5 (16... Kf8 $14) 17. Nc3 a5 18. bxa5 Bxa5 19. Qb3 Ne7 20. Kf1 {[%cal Rc3b5]} g5 21. Nh3 (21. hxg5 $16 fxg5 22. Nh3) 21... gxh4 ({Better is} 21... Bxc3 $11 22. Qxc3 f4) 22. gxh4 $14 {[%cal Rc3b5]} Ng6 $2 {[#]} (22... Kf8 $14) 23. Ne2 $2 (23. Nxb5 $1 $18 {[%mdl 512] Threatens to win with Bxf5!} Ke7 (23... cxb5 24. Bxb5) 24. Nd6) 23... Bc7 (23... Nxh4 $11 {remains equal.} 24. Qc2 Nf3) 24. Qc2 $16 Be6 25. Rg1 Nxh4 {Strongly threatening ...f4.} 26. Nef4 (26. Nhf4 $14) 26... Kf7 (26... Bf7 $11 {keeps the balance.}) 27. Ke2 Rag8 (27... Qc8 $14) 28. Rxg8 Kxg8 (28... Rxg8 $16 29. a4 (29. Nxh5 f4 $11) 29... Ra8) 29. a4 $18 bxa4 30. Rxa4 Kf7 $2 (30... Qe8 {was called for.} 31. Nxe6 Qxe6) 31. Ra7 Rg8 (31... Rc8 $142 32. Nxe6 Kxe6 33. Nf4+ Kf7) 32. Qb1 Rb8 33. Qd1 Ng6 34. Nxg6 Kxg6 35. Nf4+ Kf7 36. Qh1 Rh8 37. Qh3 (37. Nxe6 $142 Qxe6 38. Rxc7+ Ke8 39. Qb1 Kf8 40. Bxf5 Qe8 41. Qb7 Rg8 42. Rxc6 Qxc6 43. Qxc6) 37... Qd8 38. Nxe6 {White mates.} Kxe6 39. Qxf5+ Kf7 40. Qf4 h4 41. Rxc7+ Kf8 42. Qd6+ Qxd6 43. cxd6 {Precision: White = 41%, Black = 28%.} 1-0

[Event "Dvorkovich Memorial Rapid 2018"]
[Site "Taganrog"]
[Date "2018.01.14"]
[Round "2.18"]
[White "Sipetin, Vladislav"]
[Black "Khanin, Semen"]
[Result "0-1"]
[WhiteElo "2263"]
[BlackElo "2458"]
[Annotator "TA"]
[PlyCount "104"]
[EventDate "2018.??.??"]
[EventType "swiss"]
[EventCountry "RUS"]
[SourceTitle "playchess.com"]
[Source "ChessBase"]
[SourceQuality "1"]

{[%evp 15,104,50,94,11,18,15,41,25,54,34,36,10,62,33,22,22,22,20,34,16,21,3,62,48,45,38,44,44,60,58,72,0,0,0,0,-12,-18,-12,-5,-49,-54,-75,-20,-77,-65,-54,-56,-53,-53,-84,-82,-72,-78,-79,-42,-46,-53,-48,-52,-68,-67,-79,-81,-340,-356,-445,-425,-516,0,-1199,-1002,-29971,-755,-687,-750,-1217,-1154,-1074,-1019,-29970,-29970,-29972,-29974,-29976,-29976,-29975,-29978,-29974,-29974,-29992,-29970]} 1. e4 c5 2. c3 d5 3. exd5 Qxd5 4. d4 Nf6 5. Nf3 e6 6. Na3 cxd4 7. Nb5 Qd8 8. Qxd4 Qxd4 {LiveBook: 15 Games. B22: Sicilian: 2 c3} 9. Nbxd4 ({White should play} 9. Nfxd4 $16 {Nc7+ is the strong threat.} Na6 10. Bf4) (9. Nfxd4 Na6 10. Bf4 Bc5 11. Be2 O-O 12. O-O Re8 13. Nd6 Bxd6 14. Bxd6 e5 15. Nb5 Ne4 16. Ba3 Bd7 17. f3 {1-0 (32) Liascovich,L (2503)-Varela,G (2402) Villa Martelli 2016}) 9... a6 $11 10. Bf4 Nd5 $146 {The position is equal.} ({Predecessor:} 10... Be7 11. Be2 O-O 12. O-O Nbd7 13. Rfd1 Re8 14. c4 Bf8 15. Ne5 Nxe5 16. Bxe5 {1-0 (40) Jesse,I (2174)-Solcanean,S (2161) Orsha 2009}) 11. Bg3 Bc5 12. O-O-O O-O 13. Bc4 Rd8 (13... Nf6 $11) 14. Bxd5 Rxd5 15. Nb3 Rxd1+ 16. Rxd1 Be7 $1 17. Bd6 Kf8 18. Ne5 f6 (18... Bxd6 $11 19. Rxd6 Ke7) 19. Nc4 (19. Bb4 {is more complex.} Ke8 20. Nc4 Nd7 21. Nd4 Ne5 22. Nxe5 fxe5 23. Nf3) 19... Nd7 20. Nba5 b5 21. Bxe7+ Kxe7 22. Nc6+ Kf8 23. Nd6 (23. N4a5 $16) 23... Nc5 24. f3 Bd7 25. Nb7 (25. Na5 {looks sharper.} Ke7 26. Kc2 e5 27. a3 Rb8 28. b4) 25... Bxc6 26. Nxc5 {[%mdl 4096] Endgame KRB-KRN} Ke7 27. a4 bxa4 28. Kc2 g5 (28... a5 $17) 29. h3 (29. Ra1 $11) 29... h5 30. Ra1 $1 {[#]} g4 $1 {[%mdl 512]} 31. hxg4 (31. fxg4 hxg4) 31... hxg4 32. fxg4 Rg8 ({Don't play} 32... Bxg2 33. Rxa4 Bf3 34. b3 $11) 33. Nxa4 Rxg4 34. Nc5 Rxg2+ 35. Kb3 Kd6 36. Nxa6 f5 37. Rd1+ Ke5 38. Nc5 {[#]} f4 $1 39. Re1+ $2 {[%mdl 8192]} (39. c4 $17 {was forced.}) 39... Kf5 $19 40. Nd3 f3 41. Kc4 Rd2 $2 (41... Be4 $19 42. Kd4 Bxd3 43. Kxd3 e5) 42. b4 $2 {[%mdl 8192]} (42. Kd4 $11) 42... Be4 43. Re3 f2 (43... Bxd3+ $142 44. Rxd3 Rxd3 45. Kxd3 Kf4 46. b5 Kg3 47. b6 f2 48. Kc4 f1=Q+ 49. Kb4 Qf4+ 50. c4 e5 51. Kb3 e4 52. Ka3 e3 53. Kb4 e2 54. Kb5 e1=Q 55. b7 Qe6 56. Ka5 Qc7+ 57. Ka4 Qcxc4+ 58. Ka5 Qea6#) 44. Nxf2 Rxf2 {KRB-KR} 45. b5 Rb2 46. Kc5 e5 {[%cal Be6e5,Be5e4,Be4e3][%mdl 32]} 47. b6 Kf4 {Black mates.} 48. Re1 Bf3 49. c4 e4 50. Kc6 e3+ 51. Kc7 Rc2 52. Rh1 Ke5 {Precision: White = 33%, Black = 57%.} 0-1

[Event "Dvorkovich Memorial Rapid 2018"]
[Site "Taganrog"]
[Date "2018.01.14"]
[Round "2.19"]
[White "Evdokimov, Alexander A"]
[Black "Milushev, Oleg"]
[Result "1/2-1/2"]
[WhiteElo "2502"]
[BlackElo "2229"]
[Annotator "TA"]
[PlyCount "60"]
[EventDate "2018.??.??"]
[EventType "swiss"]
[EventCountry "RUS"]
[SourceTitle "playchess.com"]
[Source "ChessBase"]
[SourceQuality "1"]

{[%evp 23,60,61,52,45,50,48,668,0,125,83,92,57,90,30,52,61,52,47,93,95,194,188,206,205,198,197,156,-120,-108,-104,-100,-89,-111,-107,-69,-93,-97,-91,-46]} 1. Nf3 d5 2. g3 e6 3. Bg2 g6 4. O-O Bg7 5. d3 Ne7 6. Nbd2 O-O 7. Re1 c5 8. e4 Nbc6 9. e5 Qc7 10. Qe2 Nd4 11. Nxd4 {A08: King's Indian Attack} cxd4 12. Nf3 Nc6 {LiveBook: 3 Games} 13. Bf4 {White is slightly better.} Bd7 14. h4 (14. Qd2 Rfc8 15. h4 Qd8 16. h5 Qf8 17. Re2 Rc7 18. a3 Rac8 {1-0 (70) Rosabal,Y (2310)-Seteban,G (2725) Cuba 2000}) 14... f6 $146 {[%mdl 8192]} (14... Rfe8 $14) ({Find the theoretical novelty and annotate with similar games:} 14... Rfc8 15. a3 Qb6 16. Rab1 Nd8 17. Nh2 Ba4 18. b3 Be8 {0-1 (42) Vavra,P (2327)-Langner,L (2356) Czechia 2001}) 15. Rab1 $2 (15. exf6 $18 Qb6 16. fxg7 Kxg7 17. h5 $1 {[%mdl 512]}) 15... Qb6 (15... fxe5 $11 16. Nxe5 Nxe5 17. Bxe5 Bxe5 18. Qxe5 Qxc2) 16. Qd2 f5 17. h5 gxh5 18. Bh6 (18. c4 $16) 18... Be8 19. Bxg7 Kxg7 20. Qf4 Bg6 {[#]} 21. b4 $1 {[%cal Bb2b4,Bb4b5][%mdl 544]} a5 {[#]} (21... Rac8 $16) (21... Nxb4 22. Nxd4) 22. b5 $1 $18 {[%cal Rb5c6]} Nb4 23. Qxd4 ({Don't play} 23. Nxd4 $6 Nxa2 24. c4 dxc4 $16) 23... Qc7 24. Rb2 Rac8 25. Rc1 $2 {[#]} (25. Qf4 $16 {stays on course.}) 25... f4 $1 $17 {[%mdl 512] Threatens to win with ...Nxd3!} 26. Ne1 (26. gxf4 Nxd3) 26... Qc3 $36 {[%mdl 2048] Black has strong initiative.} 27. Qxc3 Rxc3 28. Rd1 Rfc8 {[%cal Rb4c2]} 29. Bh3 fxg3 ({Much worse is} 29... Nxc2 $6 30. Bxe6 Nxe1 31. Rxe1 $14) 30. fxg3 b6 {Precision: White = 57%, Black = 22%.} 1/2-1/2

[Event "Dvorkovich Memorial Rapid 2018"]
[Site "Taganrog"]
[Date "2018.01.14"]
[Round "2.20"]
[White "Sukhareva, Evgeniya"]
[Black "Kiselev, Vitaliy"]
[Result "1/2-1/2"]
[WhiteElo "2238"]
[BlackElo "2516"]
[Annotator "TA"]
[PlyCount "106"]
[EventDate "2018.??.??"]
[EventType "swiss"]
[EventCountry "RUS"]
[SourceTitle "playchess.com"]
[Source "ChessBase"]
[SourceQuality "1"]

{[%evp 14,106,-6,-15,0,0,19,12,40,-17,-10,-52,-15,-7,-8,-32,-29,-29,-29,-29,-34,-32,-27,-126,8,-14,0,0,0,-1,3,0,3,5,8,7,3,0,6,0,9,9,8,8,27,24,33,0,17,0,29,0,0,0,33,41,72,0,52,8,8,0,0,0,42,19,29,2,0,0,6,0,0,0,0,0,0,0,0,0,0,0,0,0,58,0,63,60,62,60,56,0,58,0,51]} 1. d4 Nf6 2. c4 e6 3. Nc3 d5 4. Nf3 Nbd7 5. Bg5 c6 6. e3 Qa5 7. Qb3 Ne4 8. Bf4 {LiveBook: 7 Games} Bb4 {D52: Queen's Gambit Declined: Cambridge Springs Variation} 9. Rc1 Nb6 (9... Bxc3+ 10. bxc3 g5 11. Bg3 h5 12. h3 Nxg3 13. fxg3 Qc7 14. Kf2 Rg8 15. Nd2 h4 16. g4 {1-0 (40) Zhao,X (2552)-Stefanova,A (2489) Khanty-Mansiysk 2014}) 10. Bc7 {c5 is the strong threat.} Kd7 11. Bf4 (11. Bg3 $14) 11... f6 $146 ({Predecessor:} 11... Na4 12. Bd3 Bxc3+ 13. bxc3 Naxc3 14. O-O f6 15. h4 Rg8 16. Rc2 dxc4 17. Qxc4 {½-½ (40) Szusterowski,R (1969)-Reichert,J (1760) Pszczyna 2009}) 12. Bd3 Nxc3 (12... dxc4 {is interesting.} 13. Bxc4 Nxc4 14. Qxc4 g5 15. Bg3 b6) 13. bxc3 Ba3 14. Rc2 dxc4 15. Bxc4 Nxc4 16. Qxc4 b6 17. Qb3 Ba6 18. Nd2 (18. Ng1 $11 {keeps the balance.}) 18... Rac8 (18... Bd3 $17 19. Bg3 Bxc2 20. Qxc2 Qb5) 19. Nc4 Bxc4 20. Qxc4 Qb5 21. Qb3 $132 {[%mdl 2048] White puts up resistance} Qxb3 22. axb3 a5 23. Ke2 Bd6 24. Bxd6 Kxd6 {[%mdl 4096] Endgame KRR-KRR} 25. c4 c5 26. Rd1 Rhd8 27. d5 exd5 28. Rxd5+ Kc6 29. e4 Rd7 30. Kd3 Ra8 31. Ra2 Re7 32. f4 Rae8 33. Re2 g6 34. g4 Ra8 35. Ra2 ({White should try} 35. e5 $16) 35... Rea7 (35... Rae8 $11 36. Re2 Rf7) 36. Ra4 Re7 37. Ra2 Rae8 38. Re2 Rf7 39. f5 Rfe7 40. h4 gxf5 41. Rxf5 Re6 42. Rd5 Rg8 43. g5 fxg5 44. hxg5 h6 45. gxh6 Rxh6 46. e5 b5 {Strongly threatening ...a4.} 47. e6 bxc4+ 48. bxc4 Re8 (48... Rh3+ $11 49. Kc2 Rh4) 49. Ree5 (49. e7 $14) 49... Rh3+ (49... Rhxe6 $11 50. Rxc5+ Kb7 51. Rb5+ Kc7 52. Rec5+ Rc6) 50. Kc2 $14 Rh2+ 51. Kc3 $1 Rh3+ 52. Kc2 Rh2+ 53. Kc3 Rh3+ {Precision: White = 35%, Black = 45%.} 1/2-1/2

[Event "Dvorkovich Memorial Rapid 2018"]
[Site "Taganrog"]
[Date "2018.01.14"]
[Round "2.21"]
[White "Kharchenko, Boris"]
[Black "Gunchenko, Vadim"]
[Result "1/2-1/2"]
[WhiteElo "2464"]
[BlackElo "2338"]
[Annotator "TA"]
[PlyCount "49"]
[EventDate "2018.??.??"]
[EventType "swiss"]
[EventCountry "RUS"]
[SourceTitle "playchess.com"]
[Source "ChessBase"]
[SourceQuality "1"]

{[%evp 21,49,0,-15,0,-6,-16,-14,-16,0,-6,-9,-7,0,0,114,-12,-9,-7,0,-10,-8,-57,0,0,0,-3,0,0,0,0]} 1. e4 e6 2. d4 d5 3. Nd2 c5 4. exd5 exd5 5. Bb5+ Bd7 6. Qe2+ Be7 7. dxc5 Nf6 8. Nb3 O-O 9. Be3 Re8 10. O-O-O a6 11. Bxd7 Nbxd7 12. Nf3 {C08: French Tarrasch: 3...c5 4 exd5 exd5 sidelines} Nxc5 13. Nxc5 Bxc5 14. Nd4 {[#]} Qb6 $146 ({Predecessor:} 14... Qd7 15. Qf3 Rac8 16. Kb1 Ne4 17. Rd3 Qc7 18. c3 Be7 19. Nf5 Bf6 {0-1 (36) Pokrovski,P (2304)-Nikolenko,O (2520) Moscow 2001}) 15. Qf3 Re4 {[%cal Re4d4]} 16. Nf5 Rc8 (16... g6 {seems wilder.} 17. Rxd5 Rxe3 18. Nxe3 Bxe3+ 19. fxe3 Nxd5 20. Qxd5 Qxe3+ 21. Qd2 Qe6) 17. Rxd5 Rxe3 (17... Bxe3+ $11 18. fxe3 Qe6) 18. fxe3 (18. Rxc5 $1 $16 Qxc5 19. Nxe3) 18... Nxd5 $11 19. Qxd5 Bxe3+ 20. Kb1 Rd8 21. Qf3 (21. Qe5 $5 {[%cal Re5g7]} Bd4 22. Nxd4 Qxd4 23. Qxd4 Rxd4 24. Kc1 $11) 21... Bd4 ({Black should play} 21... Bg5 $15) 22. Nxd4 {The position is equal.} Qxd4 23. Rf1 Rd7 24. a3 h6 25. Re1 1/2-1/2